Vista normal
Vista MARC
Entrada Personal Name
Número de registros utilizados en: 1
001 - CONTROL NUMBER
- control field: 1421
003 - CONTROL NUMBER IDENTIFIER
- control field: OSt
005 - DATE AND TIME OF LATEST TRANSACTION
- control field: 20200311144628.0
008 - FIXED-LENGTH DATA ELEMENTS
- fixed length control field: 200311|| aca||aabn | a|a d
040 ## - CATALOGING SOURCE
- Original cataloging agency: OSt
- Transcribing agency: OSt
100 ## - HEADING--PERSONAL NAME
- Personal name: Nöstlinger, Christine,
670 ## - SOURCE DATA FOUND
- Source citation: Work cat.: (OSt)3769: Nöstlinger, Christine, autora, Nuevas historias de franz en la escuela / , 1990